Les capitales d'Amérique du Sud - Statistiques

Statistiques générales
  • Ce quiz a été pris 358 fois
  • Le résultat moyen est 10 sur 13
Statistiques - réponses
Pays Capitale % Correct
Brésil Brasilia
96%
Argentine Buenos Aires
94%
Pérou Lima
87%
Chili Santiago
87%
Colombie Bogota
83%
Uruguay Montevideo
83%
Équateur Quito
77%
Bolivie Sucre
75%
Venezuela Caracas
72%
Paraguay Asunción
62%
Guyane française Cayenne
53%
Guyana Georgetown
49%
Suriname Paramaribo
43%
Aucun quiz correspondant
Distribution des résultats
% des personnes avec chaque résultat
Percentile par nombre de réponses
Votre historique - résultats
Vous n’avez pas pris ce quiz